Statistics for 15 Largest Cities in El Salvador🇸🇻

Click here to take the quiz!

General Stats

  • This quiz has been taken 32 times
  • The average score is 7 of 15

Answer Stats

PopulationCity% Correct
525kSan Salvador
96%
161kSan Miguel
70%
176kSanta Ana
70%
124kSanta Tecla
61%
160kMejicanos
57%
329kSoyapango
52%
59kSonsonate
48%
51kUsulutan
48%
112kApopa
43%
54kSan Marcos
35%
41kSan Vicente
35%
71kDelgado
30%
48kCojutepeque
22%
44kCuscatancingo
17%
39kZacatecoluca
17%

Score Distribution

Percentile by Number Answered

Percent of People with Each Score

Your Score History

You have not taken this quiz